| 000 | 00631nam a22002057a 4500 | ||
|---|---|---|---|
| 999 |
_c59351 _d59351 |
||
| 003 | Ge_BSU | ||
| 005 | 20230126162024.0 | ||
| 008 | 230126s2019 enk||||| |||| 00| 0 eng d | ||
| 020 | _a9781292393025 | ||
| 041 | _aeng | ||
| 080 | _a811.111.1 W-26 | ||
| 100 |
_aWarwick, Lindsay _916809 |
||
| 245 |
_aRoadmap A2+ : _bStudents Book and interactive eBook / _c Lindsay Warwick, Damian Williams. |
||
| 264 |
_aHarlow, _c2019. |
||
| 300 |
_a159 p.: _bill.: _c30 cm. |
||
| 653 | _aინგლისური ენის კურსი | ||
| 700 |
_aWilliams, Damian _916810 |
||
| 773 | _tნაჩუქარი | ||
| 942 |
_2udc _cBK |
||